Guzina-e-ashar (Record no. 1227129)

MARC details
000 -LEADER
fixed length control field 00572nam a2200217Ia 4500
005 - DATE AND TIME OF LATEST TRANSACTION
control field 20241129110039.0
008 - FIXED-LENGTH DATA ELEMENTS--GENERAL INFORMATION
fixed length control field 241129s9999||||xx |||||||||||||| ||und||
020 ## - INTERNATIONAL STANDARD BOOK NUMBER
International Standard Book Number 978-964-191-913-1
037 ## - SOURCE OF ACQUISITION
Stock number TB
040 ## - CATALOGING SOURCE
Original cataloging agency ARTS
Language of cataloging eng
Transcribing agency ARTS
041 ## - LANGUAGE CODE
Language code of text/sound track or separate title eng
Source of code per
084 ## - COLON CLASSIFICATION NUMBER
Classification number O164,1N29x R1
Assigning agency ARTS
100 ## - MAIN ENTRY--PERSONAL NAME
Personal name Salis Mehandi Akhwan Au.
9 (RLIN) 727037
245 #0 - TITLE STATEMENT
Title Guzina-e-ashar
Statement of responsibility, etc. Salis Mehandi Akhwan Au.
260 ## - PUBLICATION, DISTRIBUTION, ETC.
Date of publication, distribution, etc. 2021
300 ## - PHYSICAL DESCRIPTION
Extent 407p.
365 ## - TRADE PRICE
Price type code INR
Price amount 1200
650 ## - SUBJECT ADDED ENTRY--TOPICAL TERM
Topical term or geographic name entry element Persian Poetry
942 ## - ADDED ENTRY ELEMENTS (KOHA)
Koha item type Textbook
Classification part O164,1N29x R1
Holdings
Withdrawn status Lost status Damaged status Not for loan Home library Current library Date acquired Source of acquisition Cost, normal purchase price Inventory number Total Checkouts Full call number Barcode Date last seen Price effective from Koha item type
        Arts Library Arts Library 2024-11-29 Nadwi Publications 1200.00 1715 & 20/12/2023   O164,1N29x R1 AL1803162 2024-11-29 2024-11-29 Textbook
Copyright @ Delhi University Library System